Гжельский сервиз (Запись № 13551692)
[ простой вид ]
| 000 -МАРКЕР | |
|---|---|
| контрольное поле | 02061nam0a2200397 4500 |
| 001 - ИДЕНТИФИКАТОР ЗАПИСИ | |
| контрольное поле | RU\NLR\BIBL_A\022634222 |
| 005 - ИДЕНТИФИКАТОР ВЕРСИИ | |
| контрольное поле | 20260211172715.0 |
| 021 ## - НОМЕР ГОСУДАРСТВЕННОЙ РЕГИСТРАЦИИ | |
| Код страны | Российская Федерация |
| Номер | АЛ-П-25-00589и |
| Номер Листа государственной регистраци | АЛ-П-25-0122 |
| 035 ## - ДРУГИЕ СИСТЕМНЫЕ НОМЕРА | |
| Идентификатор записи | (NLR Aleph) 022634222 |
| 100 ## - ДАННЫЕ ОБЩЕЙ ОБРАБОТКИ | |
| Данные общей обработки | 20251001d2025 u y0rusy50 ca |
| 101 0# - ЯЗЫК РЕСУРСА | |
| Язык текста, звукозаписи и т.д. | русский |
| 102 ## - СТРАНА ПУБЛИКАЦИИ ИЛИ ПРОИЗВОДСТВА | |
| Страна публикации | Российская Федерация |
| 105 ## - ПОЛЕ КОДИРОВАННЫХ ДАННЫХ: ТЕКСТОВЫЕ МАТЕРИАЛЫ, МОНОГРАФИЧЕСКИЕ | |
| Кодированные данные о монографическом текстовом документе | a t 000ay |
| 181 #0 - ПОЛЕ КОДИРОВАННЫХ ДАННЫХ: ВИД СОДЕРЖАНИЯ | |
| Код вида содержания (ISBD) | b3 |
| Код характеристики содержания (ISBD) | bb2e |
| 181 #0 - ПОЛЕ КОДИРОВАННЫХ ДАННЫХ: ВИД СОДЕРЖАНИЯ | |
| Код вида содержания (ISBD) | i2 |
| Код характеристики содержания (ISBD) | axxe |
| 182 #0 - ПОЛЕ КОДИРОВАННЫХ ДАННЫХ: ТИП СРЕДСТВА | |
| Код типа средства (ISBD) | n - непосредственное |
| 200 1# - ЗАГЛАВИЕ И СВЕДЕНИЯ ОБ ОТВЕТСТВЕННОСТИ | |
| Основное заглавие | Гжельский сервиз |
| Сведения, относящиеся к заглавию | комикс с дополнениями и пояснениями |
| -- | основано на реальных событиях |
| Первые сведения об ответственности | автор сценария - М. В. Сеславинский |
| Последующие сведения об ответственности | художник - И. А. Дмитренко |
| 203 ## - ВИД СОДЕРЖАНИЯ И ТИП СРЕДСТВА | |
| Вид содержания | Изображение |
| -- | Текст |
| Дополнительные сведения об издании | визуальные |
| Тип средства | непосредственные |
| 210 ## - ПУБЛИКАЦИЯ, РАСПРОСТРАНЕНИЕ И ДР. | |
| Место издания, распространения и т.д. | Москва |
| Имя издателя, распространителя и т. д. | Национальный союз библиофилов |
| Дата издания, распространения и т.д. | 2025 |
| 215 ## - ФИЗИЧЕСКАЯ ХАРАКТЕРИСТИКА | |
| Специфическое обозначение материала и объем | 23 с. |
| Другие сведения о физической характеристике | цв. ил., факс. |
| Размеры | 24 |
| 300 ## - ОБЩИЕ ПРИМЕЧАНИЯ | |
| Текст примечания | Отд. оттиск из изд. "Про книги. Журн. библиофилов" (№ 1-2 (73-74), 2025 г.) |
| 300 ## - ОБЩИЕ ПРИМЕЧАНИЯ | |
| Текст примечания | Основано на воспоминаниях Л. И. Черткова, опубл. в Хронике заседаний Моск. клуба библиофилов (М., 2022, т. 4) |
| 316 ## - ПРИМЕЧАНИЯ ОБ ОСОБЕННОСТЯХ ЭКЗЕМПЛЯРА | |
| Текст примечания | Экз. № 19 с автогр. М. В. Сеславинского |
| Организация и экземпляр, к которому относится поле | NLR |
| 412 #0 - ИСТОЧНИК ОТРЫВКА ИЛИ ОТДЕЛЬНОГО ОТТИСКА | |
| Встроенное поле | 2001#$aПро книги$eжурнал |
| -- | 710#02^$a"Про книги", журнал библиофилов$cМосква$3RU\NLR\AUTH\880522475 |
| 686 0# - ИНДЕКСЫ ДРУГИХ КЛАССИФИКАЦИЙ | |
| Индекс | Щ153(2Р=Рус)8-475 |
| 686 2# - ИНДЕКСЫ ДРУГИХ КЛАССИФИКАЦИЙ | |
| Индекс | Ш6(2=Р)8-499 |
| 702 #1 - ИМЯ ЛИЦА - ВТОРИЧНАЯ ОТВЕТСТВЕННОСТЬ | |
| Начальный элемент ввода | Сеславинский |
| Часть имени, кроме начального элемента ввода | М. В. |
| Даты | 1964- |
| Расширение инициалов личного имени | Михаил Вадимович |
| Идентификатор авторитетной/нормативной записи | RU\NLR\AUTH\7789622 |
| Код отношения | Сценарист |
| 702 #1 - ИМЯ ЛИЦА - ВТОРИЧНАЯ ОТВЕТСТВЕННОСТЬ | |
| Начальный элемент ввода | Дмитренко |
| Часть имени, кроме начального элемента ввода | И. А. |
| Даты | 1967- |
| Расширение инициалов личного имени | Ирина Алексеевна |
| Код отношения | Карикатурист, Художник |
| 702 #1 - ИМЯ ЛИЦА - ВТОРИЧНАЯ ОТВЕТСТВЕННОСТЬ | |
| Начальный элемент ввода | Чертков |
| Часть имени, кроме начального элемента ввода | Л. И. |
| Даты | 1935- |
| Расширение инициалов личного имени | Леонард Исаакович |
| Код отношения | Прочие |
| 942 ## - ДОПОЛНИТЕЛЬНЫЕ ЭЛЕМЕНТЫ ЗАПИСИ (АБИС) | |
| Тип экземпляра АБИС | Книга |
| 980 ## - КОЛЛЕКЦИЯ | |
| Название коллекции | Национальная библиография |
Нет доступных экземпляров.